<?xml version="1.0" encoding="UTF-8"?>
<record
    xmlns:xsi="http://www.w3.org/2001/XMLSchema-instance"
    xsi:schemaLocation="http://www.loc.gov/MARC21/slim http://www.loc.gov/standards/marcxml/schema/MARC21slim.xsd"
    xmlns="http://www.loc.gov/MARC21/slim">

  <leader>00714nam a22001337a 4500</leader>
  <datafield tag="040" ind1=" " ind2=" ">
    <subfield code="c">RUA</subfield>
  </datafield>
  <datafield tag="082" ind1=" " ind2=" ">
    <subfield code="a">AGR KRY 2016 B579 Or.1</subfield>
  </datafield>
  <datafield tag="100" ind1=" " ind2=" ">
    <subfield code="a">KRY TAING Y  &#x1782;&#x17D2;&#x179A;&#x17B8; &#x178F;&#x17B6;&#x17C6;&#x1784;&#x17A2;&#x17BB;&#x17B8;</subfield>
  </datafield>
  <datafield tag="245" ind1=" " ind2=" ">
    <subfield code="a">effect  of pre-soaking seed duration on growth and yield of helianthus annuus microgreen  &#x17A5;&#x1791;&#x17D2;&#x1792;&#x17B7;&#x1796;&#x179B;&#x1793;&#x17C3;&#x179A;&#x1799;&#x17C7;&#x1796;&#x17C1;&#x179B;&#x200B;&#x178F;&#x17D2;&#x179A;&#x17B6;&#x17C6;&#x178F;&#x17D2;&#x179A;&#x17B6;&#x1794;&#x17C9;&#x1791;&#x17C5;&#x179B;&#x17BE;&#x1780;&#x17B6;&#x179A;&#x179B;&#x17BC;&#x178F;&#x179B;&#x17B6;&#x179F;&#x17C9;&#x1793;&#x17B7;&#x1784;&#x1791;&#x17B7;&#x1793;&#x17D2;&#x1793;&#x1795;&#x179B;&#x179A;&#x1794;&#x179F;&#x17C9;&#x1794;&#x1793;&#x17D2;&#x179B;&#x17C2;&#x1796;&#x1793;&#x17D2;&#x179B;&#x1780; &#x1795;&#x17D2;&#x1780;&#x17B6;&#x1788;&#x17BC;&#x1780;&#x179A;&#x17D0;&#x178F;&#x17D2;&#x1793;</subfield>
  </datafield>
  <datafield tag="260" ind1=" " ind2=" ">
    <subfield code="a">phnom penh </subfield>
    <subfield code="b">RUA</subfield>
    <subfield code="c">2016</subfield>
  </datafield>
  <datafield tag="300" ind1=" " ind2=" ">
    <subfield code="a">viii;30;</subfield>
    <subfield code="b">illl;</subfield>
    <subfield code="c">29cm;</subfield>
  </datafield>
  <datafield tag="856" ind1=" " ind2=" ">
    <subfield code="u">https://drive.google.com/file/d/1vUc97dwzOmZRG3td1G4Ku5TFoF_raH6Z/view?usp=sharing</subfield>
  </datafield>
  <datafield tag="942" ind1=" " ind2=" ">
    <subfield code="c">AGR</subfield>
  </datafield>
  <datafield tag="999" ind1=" " ind2=" ">
    <subfield code="c">15280</subfield>
    <subfield code="d">15280</subfield>
  </datafield>
  <datafield tag="952" ind1=" " ind2=" ">
    <subfield code="0">0</subfield>
    <subfield code="1">0</subfield>
    <subfield code="2">ddc</subfield>
    <subfield code="4">0</subfield>
    <subfield code="6">AGR_KRY_2016_000000000000000_B579_OR_1</subfield>
    <subfield code="7">0</subfield>
    <subfield code="9">68190</subfield>
    <subfield code="a">LBB</subfield>
    <subfield code="b">LBB</subfield>
    <subfield code="c">B579</subfield>
    <subfield code="d">2017-11-15</subfield>
    <subfield code="l">1</subfield>
    <subfield code="o">AGR KRY 2016 B579 Or.1</subfield>
    <subfield code="p">A28374</subfield>
    <subfield code="r">2024-01-24</subfield>
    <subfield code="s">2023-12-22</subfield>
    <subfield code="w">2017-11-15</subfield>
    <subfield code="y">AGR</subfield>
  </datafield>
  <datafield tag="952" ind1=" " ind2=" ">
    <subfield code="0">0</subfield>
    <subfield code="1">0</subfield>
    <subfield code="2">ddc</subfield>
    <subfield code="4">0</subfield>
    <subfield code="6">AGR_KRY_2016_000000000000000_B579_OR_2</subfield>
    <subfield code="7">0</subfield>
    <subfield code="9">68191</subfield>
    <subfield code="a">LBB</subfield>
    <subfield code="b">LBB</subfield>
    <subfield code="c">B579</subfield>
    <subfield code="d">2017-11-15</subfield>
    <subfield code="o">AGR KRY 2016 B579 Or.2</subfield>
    <subfield code="p">A29035</subfield>
    <subfield code="r">2017-11-15</subfield>
    <subfield code="w">2017-11-15</subfield>
    <subfield code="y">AGR</subfield>
  </datafield>
  <datafield tag="952" ind1=" " ind2=" ">
    <subfield code="0">0</subfield>
    <subfield code="1">0</subfield>
    <subfield code="2">ddc</subfield>
    <subfield code="4">0</subfield>
    <subfield code="6">AGR_KRY_2016_000000000000000_B579_OR_3</subfield>
    <subfield code="7">0</subfield>
    <subfield code="9">68192</subfield>
    <subfield code="a">LBB</subfield>
    <subfield code="b">LBB</subfield>
    <subfield code="c">B579</subfield>
    <subfield code="d">2017-11-15</subfield>
    <subfield code="l">1</subfield>
    <subfield code="m">1</subfield>
    <subfield code="o">AGR KRY 2016 B579 Or.3</subfield>
    <subfield code="p">A29388</subfield>
    <subfield code="r">2024-01-26</subfield>
    <subfield code="s">2023-12-25</subfield>
    <subfield code="w">2017-11-15</subfield>
    <subfield code="y">AGR</subfield>
  </datafield>
  <datafield tag="952" ind1=" " ind2=" ">
    <subfield code="0">0</subfield>
    <subfield code="1">0</subfield>
    <subfield code="2">ddc</subfield>
    <subfield code="4">0</subfield>
    <subfield code="6">AGR_KRY_2016_000000000000000_B579_OR_4</subfield>
    <subfield code="7">0</subfield>
    <subfield code="9">68193</subfield>
    <subfield code="a">LBB</subfield>
    <subfield code="b">LBB</subfield>
    <subfield code="c">B579</subfield>
    <subfield code="d">2017-11-15</subfield>
    <subfield code="o">AGR KRY 2016 B579 Or.4</subfield>
    <subfield code="p">A28643</subfield>
    <subfield code="r">2017-11-15</subfield>
    <subfield code="w">2017-11-15</subfield>
    <subfield code="y">AGR</subfield>
  </datafield>
  <datafield tag="952" ind1=" " ind2=" ">
    <subfield code="0">0</subfield>
    <subfield code="1">0</subfield>
    <subfield code="2">ddc</subfield>
    <subfield code="4">0</subfield>
    <subfield code="6">AGR_KRY_2016_000000000000000_B579_OR_5</subfield>
    <subfield code="7">0</subfield>
    <subfield code="9">68194</subfield>
    <subfield code="a">LBB</subfield>
    <subfield code="b">LBB</subfield>
    <subfield code="c">B579</subfield>
    <subfield code="d">2017-11-15</subfield>
    <subfield code="o">AGR KRY 2016 B579 Or.5</subfield>
    <subfield code="p">A29119</subfield>
    <subfield code="r">2017-11-15</subfield>
    <subfield code="w">2017-11-15</subfield>
    <subfield code="y">AGR</subfield>
  </datafield>
  <datafield tag="952" ind1=" " ind2=" ">
    <subfield code="0">0</subfield>
    <subfield code="1">0</subfield>
    <subfield code="2">ddc</subfield>
    <subfield code="4">0</subfield>
    <subfield code="6">AGR_KRY_2016_000000000000000_B579_OR_6</subfield>
    <subfield code="7">0</subfield>
    <subfield code="9">68195</subfield>
    <subfield code="a">LBB</subfield>
    <subfield code="b">LBB</subfield>
    <subfield code="c">B579</subfield>
    <subfield code="d">2017-11-15</subfield>
    <subfield code="o">AGR KRY 2016 B579 Or.6</subfield>
    <subfield code="p">A28640</subfield>
    <subfield code="r">2017-11-15</subfield>
    <subfield code="w">2017-11-15</subfield>
    <subfield code="y">AGR</subfield>
  </datafield>
  <datafield tag="952" ind1=" " ind2=" ">
    <subfield code="0">0</subfield>
    <subfield code="1">0</subfield>
    <subfield code="2">ddc</subfield>
    <subfield code="4">0</subfield>
    <subfield code="6">AGR_KRY_2016_000000000000000_B579_OR_7</subfield>
    <subfield code="7">0</subfield>
    <subfield code="9">68196</subfield>
    <subfield code="a">LBB</subfield>
    <subfield code="b">LBB</subfield>
    <subfield code="c">B579</subfield>
    <subfield code="d">2017-11-15</subfield>
    <subfield code="l">4</subfield>
    <subfield code="o">AGR KRY 2016 B579 Or.7</subfield>
    <subfield code="p">A29029</subfield>
    <subfield code="r">2023-12-08</subfield>
    <subfield code="s">2023-11-22</subfield>
    <subfield code="w">2017-11-15</subfield>
    <subfield code="y">AGR</subfield>
  </datafield>
  <datafield tag="952" ind1=" " ind2=" ">
    <subfield code="0">0</subfield>
    <subfield code="1">0</subfield>
    <subfield code="2">ddc</subfield>
    <subfield code="4">0</subfield>
    <subfield code="6">AGR_KRY_2016_000000000000000_B579_OR_8</subfield>
    <subfield code="7">0</subfield>
    <subfield code="9">68197</subfield>
    <subfield code="a">LBB</subfield>
    <subfield code="b">LBB</subfield>
    <subfield code="c">B579</subfield>
    <subfield code="d">2017-11-15</subfield>
    <subfield code="o">AGR KRY 2016 B579 Or.8</subfield>
    <subfield code="p">A29144</subfield>
    <subfield code="r">2017-11-15</subfield>
    <subfield code="w">2017-11-15</subfield>
    <subfield code="y">AGR</subfield>
  </datafield>
</record>
